000 00667nam a22002411 4500
001 23037
003 BD-RjUL
005 20211209000902.0
008 790112s1953 enk 000 0 eng
035 _a(BD-RjUL)23102
035 _a(OCoLC)4544366
040 _aDLC
_cTxU
_dUk
_dDLC
_dBD-RjUL
_beng
041 _aeng
082 _a915.4
_bSER 1953
100 1 _aSeymour, John,
_d1914-
_971044
245 1 0 _aRound about India /
_cJohn Seymour.
260 _aLondon :
_bEyre & Spottiswoode,
_cc1953.
300 _a255 p. :
_bill. ;
_c22 cm.
651 0 _aIndia
_xSocial life and customs.
_971045
942 _2ddc
_cBK
999 _c23037
_d23037